|
|
|
|
| LEADER |
01265nam a22003014a 4500 |
| 001 |
38342 |
| 003 |
BD-DhAAL |
| 005 |
20220410103326.0 |
| 008 |
220410t2003 dcua b 001 0 eng |
| 999 |
|
|
|c 44019
|d 44019
|
| 010 |
|
|
|a 2003053508
|
| 020 |
|
|
|a 0821354914
|
| 040 |
|
|
|a DLC
|c DLC
|d DLC
|d BD-DhAAL
|
| 042 |
|
|
|a pcc
|
| 050 |
0 |
0 |
|a HC60
|b .I4146 2003
|
| 082 |
0 |
0 |
|a 339.4/6
|2 21
|
| 245 |
0 |
4 |
|a The impact of economic policies on poverty and income distribution : :
|b evaluation techniques and tools /
|c edited François Bourguignon and Luiz A. Pereira da Silva
|
| 260 |
|
|
|a Washington, DC :
|b Copublication of the World Bank and Oxford University Press, New York,
|c c2003.
|
| 300 |
|
|
|a xx, 418 pages :
|b illustrations ;
|c 24 cm.
|
| 504 |
|
|
|a Includes bibliographical references (p. 369-395) and index.
|
| 541 |
|
|
|a Donated by Akbar Ali Khan
|e 38342
|
| 650 |
|
0 |
|a Economic assistance
|x Evaluation.
|9 47827
|
| 650 |
|
0 |
|a Poverty.
|9 47828
|
| 650 |
|
0 |
|a Income distribution.
|9 47829
|
| 700 |
1 |
|
|a Bourguignon, François.
|9 47830
|
| 700 |
1 |
|
|a Silva, Luiz A. Pereira da.
|9 47831
|
| 942 |
|
|
|2 ddc
|c BK
|
| 952 |
|
|
|0 0
|1 0
|2 ddc
|4 0
|6 339_460000000000000_IMP
|7 1
|9 70467
|a BRACUL
|b BRACUL
|c CS1
|d 2022-04-10
|e Donated by Akbar Ali Khan
|l 0
|o 339.46 IMP
|p 3010038342
|r 2022-04-10
|t 1
|w 2022-04-10
|y BK
|